| 000 | 00676nam a2200217 4500 | ||
|---|---|---|---|
| 001 | 127314 | ||
| 003 | ES-MaACL | ||
| 005 | 20230906193005.0 | ||
| 007 | t| | ||
| 008 | 070214s1967 sp r ||||1| spa d | ||
| 100 | 1 |
_aRichard-Molard, Georges. _996916 |
|
| 245 | 1 | 3 |
_aEl Concilio visto por un protestante / _cGeorges Richard-Molard ; [traducción de Pilar López Máñez]. |
| 250 | _a1ª ed. | ||
| 260 |
_aMadrid : _bCid, _c1967. |
||
| 300 |
_a271 p. ; _c20 cm. |
||
| 490 | 1 |
_aEsquemas del futuro ; _v10 |
|
| 700 | 0 |
_aLópez Máñez, Pilar. _973746 |
|
| 830 | 0 |
_aEsquemas del futuro ; _v10 _9180968 |
|
| 852 |
_aES-MaACL _jC-32617 _bR.63164 |
||
| 999 |
_c127314 _d127314 |
||